Matrix Groups for Undergraduates

Gespeichert in:
Bibliographische Detailangaben
1. Verfasser: Tapp, Kristopher (Verfasst von)
Format: Buch
Sprache:Englisch
Veröffentlicht: American Mathematical Society, 2005
Ausgabe:1. vyd.
Schlagworte:
Tags: Tag hinzufügen
Keine Tags, Fügen Sie das erste Tag hinzu!

MARC

LEADER 00000nam a22000003a 4500
001 stu263216
005 20150617230223.0
008 130228s--------xxu-----------------eng-d
020 |a 0-8218-3785-0 
040 |a STU  |b slo 
041 0 |a eng 
044 |a xxu 
080 |a 512.22 
100 1 |a Tapp, Kristopher  |4 aut 
245 1 |a Matrix Groups for Undergraduates 
250 |a 1. vyd. 
260 |b American Mathematical Society,  |c 2005 
300 |a 166 s 
650 7 |a matrix  |2 estusub 
996 |b 284J040919  |c J*115691  |l JJ0080  |s P  |a 0  |w stu263216_0001